|
|
|
|
| LEADER |
00000cam a2200000 c 4500 |
| 001 |
1604839104 |
| 003 |
DE-627 |
| 005 |
20251225192127.0 |
| 007 |
tu |
| 008 |
130814s2016 xxk||||| 00| ||eng c |
| 016 |
7 |
|
|a GBB357350
|2 UK
|
| 020 |
|
|
|a 9781118303153
|c hbk. : £120.00
|9 978-1-118-30315-3
|
| 035 |
|
|
|a (DE-627)1604839104
|
| 035 |
|
|
|a (DE-576)39224294X
|
| 035 |
|
|
|a (DE-599)BSZ39224294X
|
| 035 |
|
|
|a (OCoLC)858011592
|
| 035 |
|
|
|a (BL)016443742
|
| 040 |
|
|
|a DE-627
|b ger
|c DE-627
|e rda
|
| 041 |
|
|
|a eng
|
| 044 |
|
|
|c XA-GB
|
| 050 |
|
0 |
|a HV6493
|
| 072 |
|
7 |
|a SOC
|2 bisacsh
|
| 082 |
0 |
|
|a 363.32019
|
| 082 |
0 |
|
|a 303.601/9
|q LOC
|2 23
|
| 084 |
|
|
|a 2,1
|2 ssgn
|
| 245 |
0 |
4 |
|a The Wiley handbook on the psychology of violence
|c ed. by Carlos A. Cuevas and Callie Marie Rennison
|
| 246 |
3 |
3 |
|a The handbook on the psychology of violence
|
| 264 |
|
1 |
|a Malden, MA, USA
|a Oxford, UK
|a Chichester, UK
|b Wiley Blackwell
|c 2016
|
| 300 |
|
|
|a xiv, 743 Seiten
|b Illustrationen
|c 25 cm
|
| 336 |
|
|
|a Text
|b txt
|2 rdacontent
|
| 337 |
|
|
|a ohne Hilfsmittel zu benutzen
|b n
|2 rdamedia
|
| 338 |
|
|
|a Band
|b nc
|2 rdacarrier
|
| 500 |
|
|
|a Includes index
|
| 583 |
1 |
|
|a Archivierung/Langzeitarchivierung gewährleistet
|f SSG
|x XA-DE-BW
|2 pdager
|5 DE-21
|
| 650 |
|
0 |
|a Violence
|x Psychological aspects
|
| 650 |
|
0 |
|a Violent crimes
|x Psychological aspects
|
| 689 |
0 |
0 |
|d s
|0 (DE-588)4020832-1
|0 (DE-627)10631663X
|0 (DE-576)208934979
|a Gewalt
|2 gnd
|
| 689 |
0 |
1 |
|d s
|0 (DE-588)4141621-1
|0 (DE-627)105618969
|0 (DE-576)209712791
|a Aggressivität
|2 gnd
|
| 689 |
0 |
2 |
|d s
|0 (DE-588)4055891-5
|0 (DE-627)106156535
|0 (DE-576)209115777
|a Sozialpsychologie
|2 gnd
|
| 689 |
0 |
|
|5 DE-101
|
| 689 |
1 |
0 |
|d s
|0 (DE-588)4020832-1
|0 (DE-627)10631663X
|0 (DE-576)208934979
|a Gewalt
|2 gnd
|
| 689 |
1 |
1 |
|d s
|0 (DE-588)4141621-1
|0 (DE-627)105618969
|0 (DE-576)209712791
|a Aggressivität
|2 gnd
|
| 689 |
1 |
2 |
|d s
|0 (DE-588)4055891-5
|0 (DE-627)106156535
|0 (DE-576)209115777
|a Sozialpsychologie
|2 gnd
|
| 689 |
1 |
|
|5 (DE-627)
|
| 700 |
1 |
|
|8 1\p
|a Cuevas, Carlos A.
|e HerausgeberIn
|0 (DE-588)1095804081
|0 (DE-627)856425915
|0 (DE-576)467820546
|4 edt
|
| 700 |
1 |
|
|a Rennison, Callie Marie
|e HerausgeberIn
|0 (DE-588)1071721208
|0 (DE-627)826285058
|0 (DE-576)319261360
|4 edt
|
| 776 |
1 |
|
|z 9781118303122
|
| 776 |
0 |
8 |
|i Online version
|t Wiley handbook on the psychology of violence
|d Chichester, West Sussex, UK : John Wiley & Sons Inc, 2016
|w (DLC)2015029515
|
| 856 |
4 |
2 |
|u https://swbplus.bsz-bw.de/bsz39224294xcov.jpg
|m V:DE-576
|m X:wiley
|q image/jpeg
|v 20140924091221
|3 Cover
|7 1
|
| 883 |
|
|
|8 1\p
|a cgwrk
|d 20241001
|q DE-101
|u https://d-nb.info/provenance/plan#cgwrk
|
| 951 |
|
|
|a BO
|
| ELC |
|
|
|b 1
|
| LOK |
|
|
|0 000 xxxxxcx a22 zn 4500
|
| LOK |
|
|
|0 001 3106416653
|
| LOK |
|
|
|0 003 DE-627
|
| LOK |
|
|
|0 004 1604839104
|
| LOK |
|
|
|0 005 20160309123223
|
| LOK |
|
|
|0 008 160120||||||||||||||||ger|||||||
|
| LOK |
|
|
|0 040
|a DE-21
|c DE-627
|d DE-21
|
| LOK |
|
|
|0 852
|a DE-21
|
| LOK |
|
|
|0 852 1
|c 56 A 1940
|9 00
|
| LOK |
|
|
|0 935
|a krim
|
| LOK |
|
|
|0 938
|a 1603
|f 38
|
| LOK |
|
|
|0 939
|a 20-01-16
|b l01
|
| ORI |
|
|
|a SA-MARC-krimdoka001.raw
|
| SIG |
|
|
|a UB: 56 A 1940
|